Countries by a Single Clue #17 - Statistics

General Stats
  • This quiz has been taken 27,082 times
  • The average score is 11 of 21
Answer Stats
Clue Country % Correct
The world's most populous country India
99%
Lima is its capital Peru
96%
Known for its wooden shoes, called "klompen" Netherlands
80%
Formerly known as Zaire D. R. Congo
68%
Shares the island of Borneo with Malaysia and Indonesia Brunei
66%
The only place where lemurs can be found in the wild Madagascar
66%
Has won the most Olympic medals in the marathon Kenya
65%
Where Roger Federer was born Switzerland
65%
Where Hezbollah is based Lebanon
64%
The westernmost country which borders Russia Norway
62%
The term "banana republic" first referred to this Central American country Honduras
59%
By far the largest recipient of foreign aid since 2022 Ukraine
57%
Formerly known as Portuguese Guinea Guinea-Bissau
51%
Discovered by Portugal in 1471 and named for St. Thomas São Tomé and Principe
41%
Where the west coast of the African mainland meets the equator Gabon
41%
Its name is Spanish for "ancient and bearded" Antigua and Barbuda
32%
The site of three notable defenestrations (throwing someone out a window) Czech Republic
32%
Its flag is ocean blue with a yellow moon on it Palau
32%
Home to Mount Pinatubo, whose 1991 eruption lowered global temperatures Philippines
28%
Its national language is closely related to Persian, but written with Cyrillic script Tajikistan
23%
Sometimes known as SVG, it is made up of 32 islands St. Vincent and the Grenadines
20%
No matching quizzes found
Score Distribution
Percent of People with Each Score
Percentile by Number Answered
Your Score History
You have not taken this quiz